"Money Heist/Casa de Papel" City Names - Statistics

General Stats
  • This quiz has been taken 82 times
  • The average score is 11 of 15
Answer Stats
Real Name City Name % Correct
Andrés de Fonollosa Gonzalves Berlin
99%
Silene Oliveira Tokyo
95%
Aníbal Cortés Rio
92%
Daniel Ramos Denver
84%
Agustín Ramos Moscow
83%
Mirko Dragic Helsinki
81%
Mónica Gaztambide Stockholm
80%
Radko Dragic Oslo
76%
Raquel Murillo Fuentes Lisbon
73%
Ágata Jiméne Nairobi
72%
Julia Ramos Manila
59%
Martín Berrote Palermo
57%
Santiago Lopez Bogotá
51%
Jakov Marseille
37%
Matías Caño Pamplona
32%
No matching quizzes found
Score Distribution
Percent of People with Each Score
Percentile by Number Answered
Your Score History
You have not taken this quiz